OGC Nice - Les finalistes de la Coupe de France - Statistiques

Statistiques générales
  • Ce quiz a été pris 75 fois
  • Le résultat moyen est 15 sur 22
Statistiques - réponses
Poste Temps de jeu (en minutes) Joueur % Correct
D 360 Dante
95%
A 327 Andy Delort
93%
G 450 Marcin Bulka
93%
D 360 Jean-Clair Todibo
92%
A 438 Amine Gouiri
90%
D 345 Melvin Bard
90%
M 419 Khephren Thuram
85%
D 332 Jordan Lotomba
81%
D 28 Youcef Atal
81%
A 139 Kasper Dolberg
76%
M 233 Pablo Rosario
71%
M 276 Justin Kluivert
66%
M 179 Calvin Stengs
64%
M 193 Hicham Boudaoui
63%
M 149 Mario Lemina
63%
A 46 Evann Guessand
54%
M 271 Morgan Schneiderlin
53%
D 191 Flavius Daniliuc
51%
M 80 Billal Brahimi
47%
M 8 Alexis Claude-Maurice
34%
D 90 Jordan Amavi
32%
M 1 Lucas Da Cunha
17%
Aucun quiz correspondant
Distribution des résultats
% des personnes avec chaque résultat
Percentile par nombre de réponses
Votre historique - résultats
Vous n’avez pas pris ce quiz